LEADER 01058nam a2200313 i 4500 001 991004004239707536 008 030212s1985 xxka 000 0 eng d 020 $a0521347939 035 $ab11896139-39ule_inst 040 $aDip.to Matematica$beng 082 0 $a512.22$219 084 $aLC QA171.B93 084 $aAMS 14L35 100 1 $aBurn, R. P.$0532678 245 10$aGroups, a path to geometry /$cR. P. Burn 250 $a1st pbk. ed. with corr. 260 $aCambridge ; New York :$bCambridge University Press,$c1987 300 $axii, 242 p. :$bill. ;$c24 cm. 500 $aIncludes index. 504 $aBibliography: p. [236]-237. 650 0$aGroup theory 650 0$aTransformation groups 650 0$aGeometry 907 $a.b11896139$b21-09-06$c12-02-03 912 $a991004004239707536 945 $aLE013 14L BUR11 (1987)$g1$i2013000131436$lle013$op$pE34.35$q-$rl$s- $t0$u1$v0$w1$x0$y.i12157417$z12-02-03 996 $aGroups, a path to geometry$9902167 997 $aUNISALENTO 998 $ale013$b12-02-03$cm$da $e-$feng$gxxk$h0$i1 LEADER 00905nam0 22002531i 450 001 UON00528031 005 20250403023935.559 100 $a20250402d1981 |0itac50 ba 101 $aita 102 $aIT 105 $a|||| ||||| 200 1 $aDesign by choice$fReyner Banham$gedited by Penny Sparke 210 $aLondon$cAcademy$d1981 215 $a152 p.$cill.$d29 cm. 410 1$1001UON00528038$12001 $aIdeas in Architecture 620 $aGB$dLondon$3UONL003044 700 1$aBanham$bReyner$3UONV173666$010677 712 $aAcademy Editions$3UONV246954$4650 801 $aIT$bSOL$c20250404$gRICA 899 $aSIBA - SISTEMA BIBLIOTECARIO DI ATENEO$2UONSI 912 $aUON00528031 950 $aSIBA - SISTEMA BIBLIOTECARIO DI ATENEO$dSI VARIA 013 $eSI LO 25905 5 996 $aDesign by Choice$9323763 997 $aUNIOR